Nebraska County License Plate Prefix and County Seats - Statistics

General Stats
  • This quiz has been taken 11 times
  • The average score is 38 of 93
Answer Stats
Prefix County County Seat % Correct
2 Lancaster Lincoln
100%
1 Douglas Omaha
100%
69 Dawes Chadron
88%
10 Platte Columbus
88%
8 Hall Grand Island
88%
17 York York
88%
5 Dodge Fremont
75%
9 Buffalo Kearney
75%
15 Lincoln North Platte
75%
16 Seward Seward
75%
66 Cherry Valentine
75%
6 Saunders Wahoo
75%
27 Wayne Wayne
75%
65 Box Butte Alliance
63%
3 Gage Beatrice
63%
25 Butler David City
63%
14 Adams Hastings
63%
71 Kimball Kimball
63%
56 Sherman Loup City
63%
7 Madison Madison
63%
11 Otoe Nebraska City
63%
53 Stanton Stanton
63%
23 Boone Albion
50%
4 Custer Broken Bow
50%
83 Garfield Burwell
50%
70 Dakota Dakota City
50%
33 Jefferson Fairbury
50%
32 Thayer Hebron
50%
92 Grant Hyannis
50%
93 Hooker Mullen
50%
26 Antelope Neligh
50%
59 Sarpy Papillion
50%
54 Pawnee Pawnee City
50%
55 Thurston Pender
50%
40 Pierce Pierce
50%
45 Webster Red Cloud
50%
43 Colfax Schuyler
50%
21 Scotts Bluff Scottsbluff
50%
24 Cuming West Point
50%
75 Brown Ainsworth
38%
51 Harlan Alma
38%
91 Arthur Arthur
38%
44 Nemaha Auburn
38%
28 Hamilton Aurora
38%
29 Washington Blair
38%
12 Knox Center
38%
46 Merrick Central City
38%
19 Richardson Falls City
38%
50 Franklin Franklin
38%
62 Greeley Greeley
38%
72 Chase Imperial
38%
48 Red Willow McCook
38%
52 Kearney Minden
38%
36 Holt O'Neill
38%
47 Valley Ord
38%
41 Polk Osceola
38%
61 Sheridan Rushville
38%
38 Furnas Beaver City
25%
64 Morrill Bridgeport
25%
63 Boyd Butte
25%
30 Clay Clay Center
25%
73 Gosper Elwood
25%
58 Nance Fullerton
25%
34 Fillmore Geneva
25%
74 Perkins Grant
25%
37 Phelps Holdrege
25%
18 Dawson Lexington
25%
42 Nuckolls Nelson
25%
68 Keith Ogallala
25%
20 Cass Plattsmouth
25%
35 Dixon Ponca
25%
49 Howard St. Paul
25%
31 Burt Tekemah
25%
67 Hitchcock Trenton
25%
90 McPherson Tryon
25%
22 Saline Wilbur
25%
76 Dundy Benkleman
13%
86 Blaine Brewster
13%
78 Deuel Chappel
13%
13 Cedar Hardington
13%
85 Banner Harrisburg
13%
80 Sioux Harrison
13%
79 Hayes Hayes Center
13%
77 Garden Oshkosh
13%
82 Keya Paha Springview
13%
87 Logan Stapleton
13%
60 Frontier Stockville
13%
88 Loup Taylor
13%
57 Johnson Tecumseh
13%
89 Thomas Thedford
13%
84 Wheeler Bartlett
0%
81 Rock Bassett
0%
39 Cheyenne Sindey
0%
No matching quizzes found
Score Distribution
Percent of People with Each Score
Percentile by Number Answered
Your Score History
You have not taken this quiz